[Event "Swiss Queens Wed #6"]
[Site "FIDE Online Arena INT"]
[Date "2024.03.06"]
[Round "8"]
[White "Aditi, Arun"]
[Black "Sanchez Castillo, Sarai Carolina"]
[Result "1-0"]
[WhiteElo "1602"]
[BlackElo "2064"]
[PlyCount "43"]
[EventDate "2024.03.06"]
[EventType "swiss (blitz)"]
[EventRounds "11"]
[EventCountry "NET"]
[SourceTitle "CB11_2024"]
[SourceDate "2024.03.13"]
[SourceVersion "1"]
[SourceVersionDate "2024.03.13"]
[SourceQuality "1"]

1. e4 e6 2. d4 d5 3. Nd2 dxe4 4. Nxe4 Nf6 5. Bd3 Nbd7 6. Nf3 Nxe4 7. Bxe4 Nf6 8. Bd3 c5 9. dxc5 Bxc5 10. 0-0 a6 11. c3 h6 12. Bf4 b5 13. Qc2 Bb7 14. Rad1 Qb6 15. Ne5 0-0 16. Bg3 Rad8 17. Bh4 Rd5 18. Bg3 Rfd8 19. Be2 Rxd1 20. Rxd1 Be4 21. Bd3 Bb7 22. Kh1 1-0

[Event "Swiss Queens Wed #6"]
[Site "FIDE Online Arena INT"]
[Date "2024.03.06"]
[Round "6"]
[White "Devanshi, Rathi"]
[Black "Sanchez Castillo, Sarai Carolina"]
[Result "0-1"]
[WhiteElo "1735"]
[BlackElo "2064"]
[PlyCount "98"]
[EventDate "2024.03.06"]
[EventType "swiss (blitz)"]
[EventRounds "11"]
[EventCountry "NET"]
[SourceTitle "CB11_2024"]
[SourceDate "2024.03.13"]
[SourceVersion "1"]
[SourceVersionDate "2024.03.13"]
[SourceQuality "1"]

1. e4 e6 2. d4 d5 3. Nd2 dxe4 4. Nxe4 Nf6 5. Bg5 Nbd7 6. Nf3 Be7 7. Nxf6+ Nxf6 8. Bb5+ Bd7 9. Bxd7+ Nxd7 10. Bxe7 Qxe7 11. Ne5 Nxe5 12. dxe5 Qb4+ 13. Qd2 Qxb2 14. 0-0 Qxe5 15. Rab1 b6 16. Rfe1 Qd6 17. Qg5 0-0 18. Re3 Rad8 19. h3 f6 20. Qg4 e5 21. Rg3 Qd7 22. Qc4+ Rf7 23. Rd3 Qe8 24. Rbd1 Rxd3 25. Rxd3 h6 26. Ra3 a5 27. Rc3 Kh8 28. Qd5 Rd7 29. Qf3 e4 30. Qg3 Qd8 31. Re3 f5 32. Qe5 Rd1+ 33. Kh2 Qd6 34. Qxd6 Rxd6 35. Kg3 g5 36. f4 Kg7 37. fxg5 hxg5 38. Kf2 Kf6 39. Re2 Ke5 40. g4 f4 41. Ke1 e3 42. Kf1 Rd1+ 43. Kg2 Rd2 44. Kf3 Rxe2 45. Kxe2 Ke4 46. c4 f3+ 47. Ke1 Kf4 48. Kf1 Kg3 49. Ke1 Kxh3 0-1

[Event "VEN-ch (Women)"]
[Site "Caracas"]
[Date "2024.02.26"]
[Round "7"]
[White "Sanchez Castillo, Sarai Carolina"]
[Black "Alvarado Arcila, Marvia Josefina"]
[Result "1-0"]
[WhiteElo "2112"]
[BlackElo "1931"]
[PlyCount "147"]
[EventDate "2024.02.23"]
[EventType "tourn"]
[EventRounds "9"]
[EventCountry "VEN"]
[SourceTitle "CB11_2024"]
[SourceDate "2024.03.13"]
[SourceVersion "1"]
[SourceVersionDate "2024.03.13"]
[SourceQuality "1"]

1. e4 g6 2. d4 Bg7 3. Nf3 d6 4. Nc3 c6 5. Bc4 Nf6 6. Bb3 0-0 7. h3 b5 8. a3 a6 9. Be3 Qc7 10. e5 dxe5 11. dxe5 Rd8 12. Qe2 Nd5 13. Nxd5 cxd5 14. Bf4 Nc6 15. Rd1 Be6 16. 0-0 Qb6 17. c3 Rab8 18. Nd4 Na5 19. Ba2 Rbc8 20. Bg5 Rc7 21. Kh1 Nc4 22. f4 Bc8 23. Bh4 f6 24. Bg3 f5 25. Bf2 Qb7 26. Rd3 e6 27. Bh4 Rf8 28. Kh2 Rff7 29. Be1 Bf8 30. h4 h5 31. Rg3 Rg7 32. Rd3 Bd7 33. Bf2 Bc8 34. Nf3 Bd7 35. Bd4 Bc8 36. Ra1 Bd7 37. Rdd1 Rc8 38. Bb1 Rc7 39. Bd3 Rc8 40. Qf2 Rc7 41. Ra2 Rc8 42. Rda1 Rc7 43. Bc2 Rc8 44. Ne1 Be8 45. Nd3 a5 46. b3 Nxa3 47. Rxa3 Bxa3 48. Rxa3 b4 49. cxb4 axb4 50. Ra7 Qb5 51. Rxg7+ Kxg7 52. Bc5 Qb8 53. Bd6 Qb7 54. Nc5 Qf7 55. Qd4 Bc6 56. Qxb4 Kg8 57. Qb6 Qe8 58. Bd3 Ra8 59. Nxe6 Qxe6 60. Qxc6 Rc8 61. Qb7 Rc3 62. Ba6 Rc2 63. Bb5 Rc3 64. Bc6 Rd3 65. Bd7 Qf7 66. Qc8+ Kh7 67. Be6 Qg7 68. b4 Rd1 69. Bf8 Qa7 70. Bc5 Qg7 71. b5 d4 72. b6 d3 73. Bf8 d2 74. Bxg7 1-0

[Event "VEN-ch (Women)"]
[Site "Caracas"]
[Date "2024.02.25"]
[Round "4"]
[White "Pena Gonzalez, Clara Isabel"]
[Black "Sanchez Castillo, Sarai Carolina"]
[Result "1/2-1/2"]
[WhiteElo "1778"]
[BlackElo "2112"]
[PlyCount "69"]
[EventDate "2024.02.23"]
[EventType "tourn"]
[EventRounds "9"]
[EventCountry "VEN"]
[SourceTitle "CB11_2024"]
[SourceDate "2024.03.13"]
[SourceVersion "1"]
[SourceVersionDate "2024.03.13"]
[SourceQuality "1"]

1. e4 e6 2. d4 d5 3. Nd2 dxe4 4. Nxe4 Nd7 5. Nf3 Ngf6 6. Nxf6+ Nxf6 7. Bd3 a6 8. 0-0 c5 9. c3 cxd4 10. cxd4 Qd5 11. Re1 Bd6 12. Bc2 Qh5 13. Bb3 0-0 14. Bd2 b5 15. Ne5 Qxd1 16. Raxd1 h6 17. Nd3 Bb7 18. Bf4 Bxf4 19. Nxf4 Rfd8 20. Re5 Rd6 21. Rc5 Rad8 22. Ne2 Bd5 23. Bxd5 Nxd5 24. a3 Ne7 25. g3 Nc6 26. b4 Kf8 27. Kg2 Ke7 28. h3 Nxd4 29. Rc7+ Kf6 30. Rxd4 Rxd4 31. Nxd4 Rxd4 32. Rc6 a5 33. bxa5 Ra4 34. Rc3 Rxa5 35. Rb3 1/2-1/2

[Event "VEN-ch (Women)"]
[Site "Caracas"]
[Date "2024.02.23"]
[Round "1"]
[White "Sanchez Castillo, Sarai Carolina"]
[Black "Noguera da Almeida, Beatriz Elvira"]
[Result "1-0"]
[WhiteElo "2112"]
[BlackElo "1778"]
[PlyCount "65"]
[EventDate "2024.02.23"]
[EventType "tourn"]
[EventRounds "9"]
[EventCountry "VEN"]
[SourceTitle "CB11_2024"]
[SourceDate "2024.03.13"]
[SourceVersion "1"]
[SourceVersionDate "2024.03.13"]
[SourceQuality "1"]

1. e4 c6 2. d4 g6 3. Nc3 Bg7 4. Bc4 e6 5. e5 d5 6. Be2 Nd7 7. f4 Ne7 8. Nf3 0-0 9. 0-0 b5 10. Qe1 a5 11. Nd1 Qb6 12. a3 c5 13. Qf2 Ba6 14. Be3 c4 15. g4 Rfe8 16. Qh4 Nf8 17. c3 Qd8 18. Qg3 Bc8 19. Bd2 Rb8 20. Ne3 Nc6 21. Rf2 b4 22. axb4 axb4 23. Rg2 b3 24. f5 Bd7 25. f6 Bxf6 26. exf6 Qxf6 27. g5 Qg7 28. Ng4 Red8 29. Bf4 Ra8 30. Rf1 Ra2 31. Be5 Nxe5 32. Nfxe5 Be8 33. Nh6+ 1-0

[Event "Titled Tuesday intern op 06th Feb Early"]
[Site "Chess.com INT"]
[Date "2024.02.06"]
[Round "5"]
[White "Abel Mathewos, Tilahun"]
[Black "Sanchez Castillo, Sarai Carolina"]
[Result "1-0"]
[WhiteElo "1953"]
[BlackElo "2112"]
[PlyCount "37"]
[EventDate "2024.02.06"]
[EventType "swiss (blitz)"]
[EventRounds "11"]
[EventCountry "USA"]
[SourceTitle "CB07_2024"]
[SourceDate "2024.02.14"]
[SourceVersion "1"]
[SourceVersionDate "2024.02.14"]
[SourceQuality "1"]

1. d4 d5 2. c4 c6 3. Nf3 Nf6 4. Nc3 e6 5. e3 Nbd7 6. Bd3 dxc4 7. Bxc4 b5 8. Bd3 a6 9. e4 c5 10. e5 cxd4 11. exf6 dxc3 12. fxg7 Bxg7 13. bxc3 Bxc3+ 14. Bd2 Bxa1 15. Qxa1 Rg8 16. 0-0 Bb7 17. Be2 Ne5 18. Qxe5 Qxd2 19. Rd1 1-0

[Event "Titled Tuesday intern op 06th Feb Early"]
[Site "Chess.com INT"]
[Date "2024.02.06"]
[Round "2"]
[White "Sanchez Castillo, Sarai Carolina"]
[Black "Radibratovic, Predrag"]
[Result "0-1"]
[WhiteElo "2112"]
[BlackElo "2324"]
[PlyCount "86"]
[EventDate "2024.02.06"]
[EventType "swiss (blitz)"]
[EventRounds "11"]
[EventCountry "USA"]
[SourceTitle "CB07_2024"]
[SourceDate "2024.02.14"]
[SourceVersion "1"]
[SourceVersionDate "2024.02.14"]
[SourceQuality "1"]

1. e4 c6 2. d4 d5 3. Nc3 dxe4 4. Nxe4 Bf5 5. Ng3 Bg6 6. h4 h6 7. h5 Bh7 8. Nf3 Nd7 9. Bd3 Bxd3 10. Qxd3 Ngf6 11. Bf4 Qa5+ 12. Bd2 Qb5 13. Qxb5 cxb5 14. 0-0-0 e6 15. Ne5 Rd8 16. f4 Be7 17. a3 0-0 18. Bb4 Bxb4 19. axb4 Nd5 20. Rh4 Nxb4 21. Nf3 Nd5 22. f5 Ne3 23. Rg1 Nxf5 24. Nxf5 exf5 25. g4 Nf6 26. gxf5 Kh7 27. c3 Rfe8 28. Ne5 Re7 29. Ng4 Ne4 30. Ne5 Ng5 31. Rhg4 f6 32. Ng6 Re2 33. Nf4 Rf2 34. Ne6 Re8 35. d5 Rxf5 36. Nxg5+ hxg5 37. d6 Rd8 38. Rd1 Re5 39. Rgd4 Rd7 40. Kc2 Kh6 41. Kb3 Kxh5 42. Rh1+ Kg6 43. Rh8 Re6 0-1

[Event "Titled Tuesday intern op 06th Feb Early"]
[Site "Chess.com INT"]
[Date "2024.02.06"]
[Round "4"]
[White "Skiadopoulos, Nikolaos"]
[Black "Sanchez Castillo, Sarai Carolina"]
[Result "1-0"]
[WhiteElo "1854"]
[BlackElo "2112"]
[PlyCount "67"]
[EventDate "2024.02.06"]
[EventType "swiss (blitz)"]
[EventRounds "11"]
[EventCountry "USA"]
[SourceTitle "CB07_2024"]
[SourceDate "2024.02.14"]
[SourceVersion "1"]
[SourceVersionDate "2024.02.14"]
[SourceQuality "1"]

1. e4 c5 2. d4 cxd4 3. Nf3 Nc6 4. c3 dxc3 5. Bc4 e6 6. 0-0 a6 7. Nxc3 b5 8. Bd5 Bb7 9. Re1 Nge7 10. Bb3 Ng6 11. Bg5 Be7 12. Bxe7 Qxe7 13. Nd5 Qd8 14. Ne3 0-0 15. Qd6 Qe7 16. Rad1 Qxd6 17. Rxd6 Rfd8 18. Red1 Nce5 19. Nxe5 Nxe5 20. f3 Bc6 21. Nc2 Nc4 22. Bxc4 bxc4 23. Nd4 Ba4 24. b3 cxb3 25. axb3 Bb5 26. Nxb5 axb5 27. Rb6 Kf8 28. Rxb5 Ke7 29. Rb7 Rab8 30. Rdxd7+ Rxd7 31. Rxb8 Rd2 32. b4 Rb2 33. b5 Kd6 34. Rf8 1-0

[Event "Swiss Queens Wed #1"]
[Site "FIDE Online Arena INT"]
[Date "2024.01.31"]
[Round "6"]
[White "Zaksaite, Salomeja"]
[Black "Sanchez Castillo, Sarai Carolina"]
[Result "0-1"]
[WhiteElo "2212"]
[BlackElo "2112"]
[PlyCount "46"]
[EventDate "2024.01.31"]
[EventType "swiss (blitz)"]
[EventRounds "11"]
[EventCountry "NET"]
[SourceTitle "CB06_2024"]
[SourceDate "2024.02.07"]
[SourceVersion "1"]
[SourceVersionDate "2024.02.07"]
[SourceQuality "1"]

1. e4 c5 2. Nf3 Nc6 3. Bb5 g6 4. 0-0 Bg7 5. Re1 e5 6. a3 Nge7 7. b4 cxb4 8. axb4 Nxb4 9. Ba3 Nbc6 10. Nc3 d6 11. Nd5 0-0 12. h3 Nxd5 13. exd5 Ne7 14. Bc4 a6 15. Bb2 Bd7 16. d4 exd4 17. Nxd4 Nf5 18. Nxf5 Bxb2 19. Ne7+ Kh8 20. Rb1 Bf6 21. Rxb7 Bxe7 22. Qe2 Bf6 23. Bxa6 Re8 0-1

[Event "Titled Tuesday intern op 22nd Aug Late"]
[Site "Chess.com INT"]
[Date "2023.08.22"]
[Round "9"]
[White "Akhayan, Ruben"]
[Black "Sanchez Castillo, Sarai Carolina"]
[Result "0-1"]
[WhiteElo "2249"]
[BlackElo "2112"]
[PlyCount "102"]
[EventDate "2023.08.22"]
[EventType "swiss (blitz)"]
[EventRounds "11"]
[EventCountry "USA"]
[SourceTitle "EXT 2024"]
[Source "ChessBase"]
[SourceDate "2023.10.10"]
[SourceVersion "1"]
[SourceVersionDate "2023.10.10"]
[SourceQuality "1"]

1. e4 e6 2. d4 d5 3. Nc3 Bb4 4. Qg4 Nf6 5. Qxg7 Rg8 6. Qh6 Rg6 7. Qe3 Nxe4 8. Bd2 Nxd2 9. Qxd2 Nc6 10. 0-0-0 Bd7 11. g3 Qf6 12. Nge2 0-0-0 13. f4 h5 14. a3 Ba5 15. Kb1 h4 16. Rg1 hxg3 17. hxg3 Rdg8 18. Qe3 Qh8 19. Nc1 Bb6 20. Nb3 Ne7 21. Bd3 Rg4 22. Ne2 a6 23. c3 Ba4 24. Bc2 Bxb3 25. Bxb3 Nf5 26. Qf3 Qg7 27. Rd3 Nd6 28. Bxd5 exd5 29. Qxd5 Qg6 30. Kc2 Qe4 31. Qxe4 Nxe4 32. Re3 f5 33. Kd3 Rh8 34. Rf3 Rh2 35. b4 c6 36. a4 Bc7 37. a5 Rf2 38. Ke3 Rxf3+ 39. Kxf3 Kd7 40. Rh1 Rg7 41. Rh5 Ke6 42. Rh6+ Kd5 43. Rh5 Nd6 44. Rh8 Kc4 45. Rf8 Kd3 46. Rf6 Re7 47. Ng1 Kxc3 48. Nh3 Kxb4 49. Ng5 Kxa5 50. Rf8 Kb4 51. Nf7 Nxf7 0-1

[Event "Titled Tuesday intern op 22nd Aug Late"]
[Site "Chess.com INT"]
[Date "2023.08.22"]
[Round "11"]
[White "Arias Igual, Alejandro"]
[Black "Sanchez Castillo, Sarai Carolina"]
[Result "1-0"]
[WhiteElo "2296"]
[BlackElo "2112"]
[PlyCount "71"]
[EventDate "2023.08.22"]
[EventType "swiss (blitz)"]
[EventRounds "11"]
[EventCountry "USA"]
[SourceTitle "EXT 2024"]
[Source "ChessBase"]
[SourceDate "2023.10.10"]
[SourceVersion "1"]
[SourceVersionDate "2023.10.10"]
[SourceQuality "1"]

1. e4 e6 2. d4 d5 3. Bd3 Nf6 4. e5 Nfd7 5. f4 c5 6. c3 Nc6 7. Nf3 f6 8. 0-0 Qb6 9. Kh1 Be7 10. a3 c4 11. Bc2 Nf8 12. Ra2 a5 13. Be3 Bd7 14. Nbd2 Nd8 15. exf6 Bxf6 16. Ne5 g6 17. Ndf3 Nc6 18. Bg1 Ne7 19. Re1 0-0-0 20. Nf7 Rg8 21. Nxd8 Qxd8 22. Ne5 Be8 23. Ba4 Nf5 24. b3 b5 25. bxc4 bxa4 26. c5 Bxe5 27. dxe5 Qh4 28. Qd3 Qxe1 29. Qa6+ Kd8 30. Rb2 Nd7 31. c6 Qxc3 32. cxd7 Bxd7 33. Rb8+ Bc8 34. Qxe6 Rg7 35. Bb6+ Rc7 36. Rxc8# 1-0

[Event "Titled Tuesday intern op 22nd Aug Late"]
[Site "Chess.com INT"]
[Date "2023.08.22"]
[Round "6"]
[White "Baches Garcia, Guillermo"]
[Black "Sanchez Castillo, Sarai Carolina"]
[Result "0-1"]
[WhiteElo "2327"]
[BlackElo "2112"]
[PlyCount "78"]
[EventDate "2023.08.22"]
[EventType "swiss (blitz)"]
[EventRounds "11"]
[EventCountry "USA"]
[SourceTitle "EXT 2024"]
[Source "ChessBase"]
[SourceDate "2023.10.10"]
[SourceVersion "1"]
[SourceVersionDate "2023.10.10"]
[SourceQuality "1"]

1. e4 e6 2. Nf3 d5 3. exd5 exd5 4. d4 Bd6 5. c4 c6 6. Nc3 Nf6 7. Bd3 h6 8. 0-0 Be6 9. c5 Bc7 10. Bd2 Nbd7 11. h3 g5 12. Re1 Qe7 13. b4 g4 14. hxg4 Nxg4 15. Bf5 Ngf6 16. Qc2 0-0-0 17. b5 Nb8 18. Ne5 Bxe5 19. Rxe5 Nfd7 20. Re2 Qf6 21. Bxe6 fxe6 22. Qd3 Rhg8 23. Rae1 Rdf8 24. a4 e5 25. dxe5 Nxe5 26. Qh3+ Ned7 27. f3 Qd4+ 28. Kh1 Qxc5 29. bxc6 bxc6 30. Nb5 Kb7 31. Be3 Qb4 32. Nd4 c5 33. Ne6 Rf6 34. Bg1 Ka8 35. Qh2 Rfg6 36. Nc7+ Kb7 37. Nxd5 Qc4 38. Qc7+ Ka6 39. Re6+ Rxe6 0-1

[Event "Titled Tuesday intern op 22nd Aug Late"]
[Site "Chess.com INT"]
[Date "2023.08.22"]
[Round "8"]
[White "Przybylski, Wojciech"]
[Black "Sanchez Castillo, Sarai Carolina"]
[Result "1-0"]
[WhiteElo "2308"]
[BlackElo "2112"]
[PlyCount "117"]
[EventDate "2023.08.22"]
[EventType "swiss (blitz)"]
[EventRounds "11"]
[EventCountry "USA"]
[SourceTitle "EXT 2024"]
[Source "ChessBase"]
[SourceDate "2023.10.10"]
[SourceVersion "1"]
[SourceVersionDate "2023.10.10"]
[SourceQuality "1"]

1. e4 e6 2. d4 d5 3. exd5 exd5 4. Bd3 Bd6 5. Ne2 Nc6 6. c3 Bg4 7. Qc2 Qd7 8. h3 Be6 9. Nf4 0-0-0 10. Nxe6 fxe6 11. 0-0 Kb8 12. b4 e5 13. b5 Nce7 14. dxe5 Bxe5 15. Re1 Bd6 16. Nd2 g5 17. Nf3 h6 18. Ne5 Bxe5 19. Rxe5 Nf6 20. Ba3 Nc8 21. Rae1 Nh5 22. Bf5 Qxb5 23. Rb1 Qa6 24. Bc5 Nf4 25. g3 Nh5 26. Bg4 Ng7 27. Be2 Qc6 28. Bd4 Ne6 29. Bb5 Qd6 30. Rbe1 Nxd4 31. cxd4 Rhf8 32. Be2 Qb4 33. Rc1 Rf7 34. Qd3 Nb6 35. Bh5 Rg7 36. a3 Qd6 37. Rce1 a6 38. Re6 Qd7 39. Bg4 Qa4 40. Rxh6 Nc4 41. Bf3 Qxa3 42. Qxa3 Nxa3 43. Rhe6 Nb5 44. Re8 Rxe8 45. Rxe8+ Ka7 46. Bxd5 c6 47. Be4 Nxd4 48. Kf1 Nb5 49. Rd8 Kb6 50. h4 Re7 51. f3 gxh4 52. gxh4 Nc3 53. Bg6 Nd5 54. h5 a5 55. h6 Nf6 56. Rf8 Nh7 57. f4 a4 58. Rh8 a3 59. Bb1 1-0

[Event "Titled Tuesday intern op 22nd Aug Late"]
[Site "Chess.com INT"]
[Date "2023.08.22"]
[Round "7"]
[White "Sanchez Castillo, Sarai Carolina"]
[Black "Ansh, M Shah"]
[Result "1-0"]
[WhiteElo "2112"]
[BlackElo "2164"]
[PlyCount "57"]
[EventDate "2023.08.22"]
[EventType "swiss (blitz)"]
[EventRounds "11"]
[EventCountry "USA"]
[SourceTitle "EXT 2024"]
[Source "ChessBase"]
[SourceDate "2023.10.10"]
[SourceVersion "1"]
[SourceVersionDate "2023.10.10"]
[SourceQuality "1"]

1. e4 c5 2. Nf3 Nc6 3. Nc3 g6 4. d4 cxd4 5. Nxd4 Bg7 6. Be3 Nf6 7. Be2 d6 8. 0-0 0-0 9. f4 e5 10. Nxc6 bxc6 11. fxe5 dxe5 12. Qxd8 Rxd8 13. Bg5 Rd6 14. Rad1 Rxd1 15. Bxd1 Nd7 16. Be2 Nb6 17. a4 Be6 18. b3 h6 19. Be3 Nd7 20. a5 Bf8 21. Na4 Kg7 22. h3 Bb4 23. a6 f5 24. Rd1 Kf7 25. Bc4 Bxc4 26. Rxd7+ Ke6 27. Rb7 Bb5 28. c4 Bxa4 29. Rxb4 1-0

[Event "Titled Tuesday intern op 22nd Aug Late"]
[Site "Chess.com INT"]
[Date "2023.08.22"]
[Round "1"]
[White "Sanchez Castillo, Sarai Carolina"]
[Black "Graif, William"]
[Result "1-0"]
[WhiteElo "2112"]
[BlackElo "2293"]
[PlyCount "109"]
[EventDate "2023.08.22"]
[EventType "swiss (blitz)"]
[EventRounds "11"]
[EventCountry "USA"]
[SourceTitle "EXT 2024"]
[Source "ChessBase"]
[SourceDate "2023.10.10"]
[SourceVersion "1"]
[SourceVersionDate "2023.10.10"]
[SourceQuality "1"]

1. e4 e5 2. d4 exd4 3. Qxd4 Nc6 4. Qe3 Bb4+ 5. Nc3 Nf6 6. Bd2 0-0 7. 0-0-0 Re8 8. Qg3 Nxe4 9. Nxe4 Rxe4 10. f3 Bxd2+ 11. Rxd2 Ra4 12. a3 d6 13. Bd3 Qh4 14. Ne2 h6 15. Nc3 Qxg3 16. hxg3 Ra5 17. Nb5 Bd7 18. Nxc7 Rc8 19. Nb5 Ne5 20. Nxd6 Nxd3+ 21. Rxd3 Rc7 22. c3 Rac5 23. Re1 Be6 24. g4 Rd7 25. Rd2 Rc6 26. Ne4 Rxd2 27. Kxd2 Kf8 28. Ke3 Ke7 29. Rd1 Rb6 30. Rd2 f6 31. Nc5 Bf7 32. Rd7+ Ke8 33. Rxb7 Rc6 34. Ne4 a6 35. Ra7 Kf8 36. Rb7 Bd5 37. Kd4 Bf7 38. b3 Rc8 39. c4 Rd8+ 40. Kc3 Rd1 41. c5 Rc1+ 42. Kb4 Rb1 43. Ka4 Rc1 44. b4 Bd5 45. Rb8+ Ke7 46. Nd6 Bc6+ 47. Ka5 Ra1 48. Kb6 Kd7 49. Nc4 Rc1 50. Na5 Bb5 51. Rb7+ Kc8 52. Rxg7 Re1 53. c6 Re6 54. Rg8+ Re8 55. Rxe8# 1-0

[Event "Titled Tuesday intern op 22nd Aug Late"]
[Site "Chess.com INT"]
[Date "2023.08.22"]
[Round "4"]
[White "Sanchez Castillo, Sarai Carolina"]
[Black "Toropov, Pavel"]
[Result "0-1"]
[WhiteElo "2112"]
[BlackElo "2336"]
[PlyCount "88"]
[EventDate "2023.08.22"]
[EventType "swiss (blitz)"]
[EventRounds "11"]
[EventCountry "USA"]
[SourceTitle "EXT 2024"]
[Source "ChessBase"]
[SourceDate "2023.10.10"]
[SourceVersion "1"]
[SourceVersionDate "2023.10.10"]
[SourceQuality "1"]

1. e4 e6 2. d4 d5 3. Nc3 dxe4 4. Nxe4 Nd7 5. Bd3 Ngf6 6. Bg5 Be7 7. Nf3 0-0 8. Qe2 c5 9. h4 cxd4 10. Nxd4 Ne5 11. Nxf6+ Bxf6 12. Bxf6 Qxf6 13. 0-0-0 Nxd3+ 14. Rxd3 e5 15. Nb3 Bf5 16. Rg3 Rac8 17. c3 a6 18. h5 h6 19. Nd2 b5 20. a3 Rfd8 21. Ne4 Qe6 22. Rd1 Qa2 23. Rgd3 Rxd3 24. Qxd3 Be6 25. f3 Bb3 26. Rd2 Be6 27. Qb1 Qc4 28. Nd6 Qf1+ 29. Rd1 Qxg2 30. Nxc8 Qg5+ 31. Rd2 Qg1+ 32. Rd1 Qe3+ 33. Rd2 Qe1+ 34. Rd1 Qe3+ 35. Rd2 Bb3 36. Qd3 Qe1+ 37. Rd1 Bxd1 38. Qxd1 Qe3+ 39. Kb1 Qg5 40. Nd6 Qxh5 41. Ne4 Qg6 42. Qd8+ Kh7 43. Ka2 f5 44. Nd6 Qe6+ 0-1

[Event "Dubai The Arbor blitz op"]
[Site "Dubai"]
[Date "2019.04.12"]
[Round "2"]
[White "Sanchez Castillo, Sarai Carolina"]
[Black "San Andres, Emerlinda"]
[Result "1-0"]
[WhiteElo "2081"]
[BlackElo "1573"]
[PlyCount "61"]
[EventDate "2019.04.12"]
[EventType "swiss (blitz)"]
[EventRounds "9"]
[EventCountry "UAE"]
[SourceTitle "CBM 189 Extra"]
[Source "ChessBase"]
[SourceDate "2019.06.03"]
[SourceVersion "1"]
[SourceVersionDate "2019.06.03"]
[SourceQuality "1"]

1. e4 e6 2. d4 d5 3. Nc3 Nf6 4. Bg5 dxe4 5. Nxe4 Be7 6. Nxf6+ Bxf6 7. Bxf6 Qxf6 8. Nf3 Nc6 9. Bd3 0-0 10. 0-0 b6 11. Be4 Bb7 12. Ne5 Na5 13. Bxb7 Nxb7 14. Nd7 Qg5 15. Nxf8 Rxf8 16. Qf3 Nd6 17. c3 Nc4 18. Qe2 Nd6 19. Rad1 Nf5 20. Rd3 h5 21. Qe5 Qg6 22. Qxc7 h4 23. Rh3 Qg4 24. Re1 g5 25. Qe5 Rd8 26. Qe2 Qf4 27. Rf3 Qg4 28. h3 Qh5 29. Rxf5 Qxe2 30. Rxg5+ Kh7 31. Rxe2 1-0

[Event "Olympiad Women-43"]
[Site "Batumi"]
[Date "2018.09.26"]
[Round "3.21"]
[White "Sanchez Castillo, Sarai Carolina"]
[Black "Frayna, Janelle Mae"]
[Result "0-1"]
[WhiteElo "2137"]
[BlackElo "2287"]
[PlyCount "90"]
[EventDate "2018.09.24"]
[EventType "team-swiss"]
[EventRounds "11"]
[EventCountry "GEO"]
[SourceTitle "EXT 2020"]
[Source "ChessBase"]
[SourceDate "2019.10.17"]
[SourceVersion "1"]
[SourceVersionDate "2019.10.17"]
[SourceQuality "1"]
[WhiteTeam "Venezuela (W)"]
[BlackTeam "Philippines (W)"]
[WhiteTeamCountry "VEN"]
[BlackTeamCountry "PHI"]

1. e4 c6 2. d4 d5 3. Nc3 dxe4 4. Nxe4 Bf5 5. Ng3 Bg6 6. h4 h6 7. Nf3 Nd7 8. Bd3 Bxd3 9. Qxd3 Ngf6 10. Bd2 e6 11. 0-0-0 Be7 12. Kb1 0-0 13. Ng5 c5 14. Nh5 cxd4 15. Rh3 Qb6 16. Rg3 Qa6 17. Nxf6+ Nxf6 18. Ne4 Qxd3 19. cxd3 Nh5 20. Rh3 f5 21. Ng3 Nxg3 22. fxg3 e5 23. Rhh1 Bd6 24. Rhe1 Rae8 25. g4 fxg4 26. Re4 h5 27. Bg5 Rf2 28. Rde1 Rc8 29. R4e2 Rxe2 30. Rxe2 Kf7 31. a3 Ke6 32. Ka2 Kd5 33. Kb3 Rf8 34. Bd2 Be7 35. Be1 g5 36. hxg5 Bxg5 37. Bb4 Rf1 38. Rc2 Rc1 39. Rf2 Bf4 40. g3 Bxg3 41. Rf8 h4 42. Rd8+ Ke6 43. Rd6+ Kf7 44. Rd7+ Kg6 45. Bf8 h3 0-1

[Event "American Continental 13th"]
[Site "Medellin"]
[Date "2017.06.15"]
[Round "8"]
[White "Panesso Rivera, Henry"]
[Black "Sanchez Castillo, Sarai Carolina"]
[Result "1-0"]
[WhiteElo "2421"]
[BlackElo "2154"]
[PlyCount "54"]
[EventDate "2017.06.10"]
[EventType "swiss"]
[EventRounds "11"]
[EventCountry "COL"]
[SourceTitle "CBM 178 Extra"]
[Source "ChessBase"]
[SourceDate "2017.06.22"]
[SourceVersion "1"]
[SourceVersionDate "2017.06.22"]
[SourceQuality "1"]

1. d4 d5 2. c4 c6 3. Nf3 Nf6 4. Nc3 dxc4 5. a4 Bf5 6. e3 e6 7. Bxc4 Nbd7 8. 0-0 Bd6 9. Qe2 Ne4 10. h3 0-0 11. Nxe4 Bxe4 12. Nd2 Bg6 13. e4 Qh4 14. f4 Rae8 15. Nf3 Qd8 16. Qc2 h6 17. a5 c5 18. Ne5 Bh7 19. Bb5 Bxe5 20. dxe5 Qc7 21. Be3 Rd8 22. Rfd1 b6 23. b4 f6 24. Qc4 Kf7 25. f5 Rfe8 26. exf6 Kxf6 27. Bd4+ Kf7 1-0

[Event "American Continental 13th"]
[Site "Medellin"]
[Date "2017.06.13"]
[Round "6"]
[White "Martinez Murcia, John Alexander"]
[Black "Sanchez Castillo, Sarai Carolina"]
[Result "0-1"]
[WhiteElo "1912"]
[BlackElo "2154"]
[PlyCount "45"]
[EventDate "2017.06.10"]
[EventType "swiss"]
[EventRounds "11"]
[EventCountry "COL"]
[SourceTitle "CBM 178 Extra"]
[Source "ChessBase"]
[SourceDate "2017.06.22"]
[SourceVersion "1"]
[SourceVersionDate "2017.06.22"]
[SourceQuality "1"]

1. Nf3 d5 2. c4 c6 3. b3 Nf6 4. g3 Bg4 5. Bg2 Nbd7 6. cxd5 cxd5 7. Bb2 e6 8. d3 Bd6 9. Nbd2 Qa5 10. 0-0 h5 11. a3 e5 12. Rc1 0-0 13. e4 Qa6 14. h3 Be6 15. exd5 Bxd5 16. Nc4 Rfe8 17. Re1 Rad8 18. Nfxe5 Bxe5 19. Bxd5 Bxb2 20. Rxe8+ Rxe8 21. Bxb7 Qxb7 22. Nxb2 Ne5 23. Nc4 0-1

[Event "American Continental 13th"]
[Site "Medellin"]
[Date "2017.06.13"]
[Round "5"]
[White "Sanchez Castillo, Sarai Carolina"]
[Black "Rios Parra, Alejandro"]
[Result "0-1"]
[WhiteElo "2154"]
[BlackElo "2345"]
[PlyCount "50"]
[EventDate "2017.06.10"]
[EventType "swiss"]
[EventRounds "11"]
[EventCountry "COL"]
[SourceTitle "CBM 178 Extra"]
[Source "ChessBase"]
[SourceDate "2017.06.22"]
[SourceVersion "1"]
[SourceVersionDate "2017.06.22"]
[SourceQuality "1"]

1. e4 c6 2. d4 d5 3. e5 Bf5 4. Nc3 e6 5. h4 h5 6. Be2 c5 7. dxc5 Bxc5 8. Nb5 Nc6 9. Nf3 Be4 10. Be3 Bxe3 11. fxe3 Bxf3 12. gxf3 Qb6 13. Qd3 Nge7 14. Nd6+ Kf8 15. f4 Nc8 16. Nb5 a6 17. Qa3+ Kg8 18. Rd1 Rb8 19. Nd4 N8e7 20. Kf2 Rc8 21. b3 Rh6 22. Rhg1 Nxd4 23. exd4 Ng6 24. Rd3 Qd8 25. Rg4 f6 0-1